| 000 | 00734nam a22002417a 4500 | ||
|---|---|---|---|
| 001 | 25107 | ||
| 003 | UA-OsUOA | ||
| 005 | 20210922131300.0 | ||
| 007 | ta | ||
| 008 | 20040315b un ||||| |||| 00| 0 ukr d | ||
| 020 | _a966-7714-00-4 | ||
| 040 |
_aUA-OsUOA _bukr _cUA-OsUOA _dUA-OsUOA |
||
| 041 | _aukr | ||
| 044 | _aUA | ||
| 080 | _a347.764(477)(094) | ||
| 090 |
_a347.764(477)(094) _bЗ19 |
||
| 245 |
_aЗаконодавство України про страхування _bзбірник нормативних актів _cред. П. Д. Біленчук, І. В. Філонюк, І. В. Яковенко |
||
| 260 |
_aКиїв _bАтіка _c1999 |
||
| 300 | _a464 с. | ||
| 650 | 7 | _2UDC | |
| 942 |
_cBK _2udc |
||
| 955 | _a0 | ||
| 999 |
_c311399 _d311399 |
||